LEADER 02251nam 22004213 450 001 9910861063403321 005 20230506060322.0 010 $a9781630818951$b(electronic bk.) 010 $z9781630818944 035 $a(MiAaPQ)EBC30516625 035 $a(Au-PeEL)EBL30516625 035 $a(BIP)087377006 035 $a(EXLCZ)9926566506900041 100 $a20230506d2023 uy 0 101 0 $aeng 135 $aurcnu|||||||| 181 $ctxt$2rdacontent 182 $cc$2rdamedia 183 $acr$2rdacarrier 200 10$aNaval ISR Fusion Principles, Operations, and Technologies 205 $a1st ed. 210 1$aNorwood :$cArtech House,$d2023. 210 4$dİ2023. 215 $a1 online resource (249 pages) 311 08$aPrint version: Scrofani, Jim Naval ISR Fusion Principles, Operations, and Technologies Norwood : Artech House,c2023 9781630818944 330 8 $aA comprehensive discussion of operational requirements for future naval operations with sufficient detail to enable design and development of technical solutions to achieve the advanced information fusion and command and control concepts described. This book provides a unique focus on advanced approaches to Naval ISR and the critical underlying technologies to enable Distributed Maritime Operations (DMO). Also describing the approach of distributed Naval ops and role of ISR applying advanced technologies and addressing future conflict, new U.S. Naval maritime approaches, distributed Maritime Operations (DMO) and the newest U.S. Navy operational concept. This is a great resource for Naval officers in the ISR, Intelligence, Space, ASW, EW and Surface Warfare, disciplines who seek an in-depth understanding of advanced ISR operations and technologies as well as Navy and industry managers and engineers planning and developing advanced naval systems. 610 $aNaval Art And Science 610 $aHistory 676 $a359.00285 700 $aScrofani$b Jim$01741130 701 $aMimih$b Jihane$01741131 701 $aWilliamson$b Will$01741132 801 0$bMiAaPQ 801 1$bMiAaPQ 801 2$bMiAaPQ 912 $a9910861063403321 996 $aNaval ISR Fusion Principles, Operations, and Technologies$94167118 997 $aUNINA